000 01237nam a22002657a 4500
003 OSt
005 20250425213554.0
008 250425b ||||| |||| 00| 0 eng d
040 _bEnglish.
_cCvSU-CCAT Campus Library.
_erda.
050 _aUM HF 5549.5.T7
_bM47 1996
100 _aMercado, Ma. Corazon Y., author.
_915696
245 _aThe effectiveness of training strategies employed by Industrial Companies at the Cavite Export Processing Zone : Inputs for Curriculum Development /
_cMa. Corazon Y. Mercado.
260 _aManila :
_bTechnological University of the Philippines,
_c1996.
300 _axii, 78 leaves :
_billustrations ;
_c28 cm
500 _aA Dissertation (Graduate School) -- Technological University of the Philippines, 1996.
504 _aIncludes bibliographical references and appendices.
546 _aIn English text
650 _aEmployee training -- Philippines -- Cavite Export Processing Zone.
_916429
650 _aCurriculum development.
_99628
650 _aIndustrial training strategies.
_916430
650 _aEducational assessment.
_913816
650 _aWorkplace development.
_916431
942 _2lcc
_cT/M/D
_hHF 5549.5.T7 M47 1996
_kUM
999 _c4230
_d4230